Year book 2002-2003 (Record no. 458)

MARC details
000 -LEADER
fixed length control field 00358nam a22001577a 4500
005 - DATE AND TIME OF LATEST TRANSACTION
control field 20160503105324.0
008 - FIXED-LENGTH DATA ELEMENTS--GENERAL INFORMATION
fixed length control field 160503b xxu||||| |||| 00| 0 eng d
041 ## - LANGUAGE CODE
Language code of text/sound track or separate title eng
082 ## - DEWEY DECIMAL CLASSIFICATION NUMBER
Item number 1165
100 ## - MAIN ENTRY--AUTHOR NAME
Personal name INFA Publication
245 ## - TITLE STATEMENT
Title Year book 2002-2003
260 ## - PUBLICATION, DISTRIBUTION, ETC. (IMPRINT)
Name of publisher INFA Publication
Year of publication 2003
300 ## - PHYSICAL DESCRIPTION
Number of Pages 515
650 ## - SUBJECT ADDED ENTRY--TOPICAL TERM
Topical Term Management
942 ## - ADDED ENTRY ELEMENTS (KOHA)
Koha item type Books
Holdings
Lost status Damaged status Home library Date acquired Cost, normal purchase price Full call number Accession Number Koha item type
    JRU Library 03/05/2016 500.00 1165 1165 Books